Television Quiz

Random Television or WWE Quiz

WWE Superstars Picture Click Quiz Stats

 Plays Quiz not verified by Sporcle

Score 0/28 Timer 07:00
0 Plays Today
% Correct
The Rock
90.7%
Roman Reigns
89.9%
Undertaker
89.6%
Sheamus
89.2%
Shane McMahon
88.9%
Triple H
88.9%
Samoa Joe
88.8%
The Miz
88.6%
Stephanie McMahon
87.9%
Sasha Banks
87.7%
Shinsuke Nakmura
87.7%
Seth Rollins
87.4%
Sin Cara
87.1%
R-Truth
86.5%
% Correct
Rusev
86.3%
Ruby Riott
84.5%
Sarah Logan
84%
Sami Zayn
83.9%
Shelton Benjamin
83.7%
Titus O'Neil
83%
Tamina
82.8%
Tyler Breeze
80.7%
Rich Swann
80.4%
Scott Dawson
79%
TJP
78.7%
The Brian Kendrick
77.8%
Tye Dillinger
77.6%
Tony Nese
74.2%

You're not logged in!

Compare scores with friends on all Sporcle quizzes.
OR
Log In

Show Comments

Extras

Top Quizzes Today


Score Distribution

Your Account Isn't Verified!

In order to create a playlist on Sporcle, you need to verify the email address you used during registration. Go to your Sporcle Settings to finish the process.

Report this User

Report this user for behavior that violates our Community Guidelines.

Details: